UM Logo

E-Cigarette ban in City? / (Record no. 17681)

MARC details
000 -LEADER
fixed length control field 00339nam a22001217a 4500
008 - FIXED-LENGTH DATA ELEMENTS--GENERAL INFORMATION
fixed length control field 221201b ||||| |||| 00| 0 eng d
110 ## - MAIN ENTRY--CORPORATE NAME
Corporate name or jurisdiction name as entry element Llemit, Lawrence Ralph.
9 (RLIN) 46940
245 ## - TITLE STATEMENT
Title E-Cigarette ban in City? /
260 ## - PUBLICATION, DISTRIBUTION, ETC. (IMPRINT)
Place of publication, distribution, etc. Philippines;
Name of publisher, distributor, etc. SunStar,
Date of publication, distribution, etc. November 21, 2019.
300 ## - PHYSICAL DESCRIPTION
Extent page 2.
650 ## - SUBJECT ADDED ENTRY--TOPICAL TERM
Topical term or geographic name as entry element Health.
9 (RLIN) 46941
942 ## - ADDED ENTRY ELEMENTS (KOHA)
Source of classification or shelving scheme Dewey Decimal Classification
Koha item type Periodicals
Holdings
Withdrawn status Lost status Source of classification or shelving scheme Damaged status Not for loan Home library Current library Date acquired Total Checkouts Date last seen Price effective from Koha item type Public note
    Dewey Decimal Classification     UM Digos College - LIC UM Digos College - LIC 12/01/2022   12/01/2022 12/01/2022 Periodicals News paper clippings